Score 0/28 Timer 03:00
0 Plays Today
Clue 4-Letter Word % Correct
⋆ No Tears _____ to Cry ⋆⋆ LEFT ⋆
98.2%
World _____ WebWIDE
92.9%
⋆ _____ to _____ (feat. Nicki Minaj) ⋆⋆ SIDE ⋆
92.6%
⋆ _____ _____ (with Jessie J & Nicki Minaj) ⋆⋆ BANG ⋆
91.2%
Time from birth to deathLIFE
90.1%
⋆ Break _____ (feat. Zedd) ⋆⋆ FREE ⋆
90%
'Head, shoulders, knees and ______'TOES
89.1%
Female spouseWIFE
88.7%
These are at the bottom of your legsFEET
84.9%
An elevator, in LondonLIFT
84.3%
Maple, oak, or elmTREE
83.6%
Not crazySANE
83.4%
It grows into a plantSEED
81.9%
Green Day or The Rolling StonesBAND
80.9%
Clue 4-Letter Word % Correct
⋆ One _____ Time ⋆ ⋆ LAST ⋆
80.4%
⋆ _____ Me Harder (with The Weeknd) ⋆⋆ LOVE ⋆
78.4%
Post a letterSEND
77.6%
Be flexibleBEND
76.3%
'Three' to a SpaniardTRES
76.3%
Give food toFEED
76.3%
SerenadedSANG
74.3%
Opposite divided by hypotenuseSINE
73.4%
Ridge on a guitarFRET
70.5%
Hanks & CruiseTOMS
69.6%
A large bookTOME
58.4%
Capital of TogoLOMÉ
50.7%
BatheLAVE
48.9%
Emit coherent lightLASE
47.7%

Today's Daily Dose

Remove Ads.
Support Sporcle.
Get the best of Sporcle when you Go Orange. This ad-free experience offers more features, more stats, and more fun while also helping to support Sporcle. Thank you for becoming a member.

You're not logged in!

Compare scores with friends on all Sporcle quizzes.
OR
Log In

Sporcle TV

Today on Sporcle TV


Watch our educational content, quiz creation guides, and fun videos on Sporcle TV.

Show Comments

Extras

Top Quizzes Today


Score Distribution

Paid Content

Your Account Isn't Verified!

In order to create a playlist on Sporcle, you need to verify the email address you used during registration. Go to your Sporcle Settings to finish the process.

Report this User

Report this user for behavior that violates our Community Guidelines.

Details: